Detalles MARC
| 000 -CABECERA |
| campo de control de longitud fija |
00968nam a2200193 a 4500 |
| 001 - NÚMERO DE CONTROL |
| campo de control |
000034201 |
| 005 - FECHA Y HORA DE LA ÚLTIMA TRANSACCIÓN |
| campo de control |
20200930070849.0 |
| 008 - DATOS DE LONGITUD FIJA--INFORMACIÓN GENERAL |
| campo de control de longitud fija |
110928s1983 dr 000 0 spa d |
| 020 ## - NÚMERO INTERNACIONAL ESTÁNDAR DEL LIBRO |
| Número Internacional Estándar del Libro |
2892370280 |
| 040 ## - FUENTE DE LA CATALOGACIÓN |
| Centro catalogador/agencia de origen |
DO-SdBNP |
| Lengua de catalogación |
spa |
| Centro/agencia transcriptor |
BNPHU |
| 041 17 - CÓDIGO DE LENGUA |
| Código de lengua del texto/banda sonora o título independiente |
fre |
| Fuente del código |
spa |
| Código de lengua del material acompañante/anejo si no son libretos |
eng |
| 049 ## - FONDOS LOCALES (OCLC) |
| Fondos de biblioteca |
BNPD |
| 111 2# - ENTRADA PRINCIPAL--NOMBRE DE CONGRESO/REUNIÓN |
| Nombre de congreso/reunión o jurisdicción como elemento de entrada |
Congreso internacional par el estudio de las culturas Pre-Colombinasde las Antillas Menores |
| Número del congreso/reunión o número de parte o sección |
(9 : 2-8 |
| Sede del congreso/Lugar de la reunión |
Santo Domingo |
| Fecha del congreso/reunión |
1981) |
| 9 (RLIN) |
59622 |
| 245 10 - MENCIÓN DE TÍTULO |
| Título |
Proceedings of the ninth International Congress for the Study of the Pre-Columbian Cultures of the Lesser Antilles = |
| Resto del título |
Compte rendus des communications du Congrès international d'ètudes des civilisations précolombiennes des Petites Antilles. |
| 246 10 - FORMA VARIANTE DE TÍTULO |
| Título propio/Titulo breve |
Compte-rendu des communications du des Congrès international d'ètudes des civilisations précolombiennes des Petites Antilles |
| 260 ## - PUBLICACIÓN, DISTRIBUCIÓN, ETC. |
| Lugar de publicación, distribución, etc. |
Montreal : |
| Nombre del editor, distribuidor, etc. |
Cent de Rechrrches Caraibes, |
| Fecha de publicación, distribución, etc. |
1983. |
| 300 ## - DESCRIPCIÓN FÍSICA |
| Extensión |
7574 p. ; |
| Dimensiones |
29 cm. |
| 546 ## - NOTA DE LENGUA/LENGUAJE |
| Nota de lengua/lenguaje |
englés, francés y español |